Представление документа в формате RUSMARC

ПолеНазваниеЗначение
  Тип записи a
  Библиографический уровень m
001 Контрольный номер 61e4cd2c5f754fa79d1b513dddb67d8f
005 Дата корректировки 20140611093827.2
010 Индекс ISBN __
a ISBN 3-7910-1962-7 (нем.)
010 Индекс ISBN __
a ISBN 978-966-8324-5
101 Язык документа 0_
a Язык текста rus
102 Страна публикации __
a Страна публикации RU
200 Заглавие и сведения об ответственности 1_
a Заглавие Эффективный отбор персонала. Метод структурированного интервью
e Сведения, относящиеся к заглавию пер. с нем.
f Первые сведения об ответственности В. Йеттер
210 Выходные данные 1_
c Издательство Гуманитарный Центр
a Место издания Харьков
d Дата издания 2011
215 Физическое описание __
a Объем 360 с.
610 Ключевые слова 0_
a Ключевые слова отбор персонала
610 Ключевые слова 0_
a Ключевые слова руководитель
610 Ключевые слова 0_
a Ключевые слова структурированное интервью
610 Ключевые слова 0_
a Ключевые слова принятие решения
686 Индексы других классификаций __
a Классификационный индекс 65.050.9(2)2
2 Код системы rubbk
700 Автор _1
a Фамилия Йеттер
b Имя В.
g Полное личное имя Вольфганг
801 Источник записи _0
a Страна RU
b Организация РУК
c Дата составления 20111216
g Правила каталогизации PSBO
801 Источник записи _1
a Страна RU
b Организация РУК
c Дата составления 20111216
g Правила каталогизации PSBO
852 Данные о местонахождении __
j Шифр хранения ББК 65.050
i Авторский знак И 30
901 Тип документа __
t Тип документа m
938 Служебная информация __
a Название организации Головной вуз
b Имя БД BOOK
c Название АИБС АИБС ИРБИС